000 00851nam a2200241Ia 4500
003 OSt
005 20220923211934.0
006 a|||||r|||| 00| 0
007 ta
008 220922b |||||||| |||| 00| 0 hin d
024 _a74,062
037 _cTextual
040 _aARTS
_cARTS
_bhin
041 _2hin
_ahin
082 _aR625x1,1,2, 152L9
100 _aगुप्ता, पवन कुमारी
245 0 _aपात×जल योगसूत्र
_b एक समालोचनात्मक अध्ययन
246 _aPāta×jal yogasūtra: ek samālochanātmak adhyayana
260 _aदिल्ली
_b ईस्टर्न बुक
_c1979
300 _a291पृ.
_ccm.
942 _hR625x1,1,2, 152L9
_cTEXL
_2CC
999 _c304698
_d304698